01080 2200361 4500001002100000005001500021035002000036007000300056040001700059100002300076245011700099250001200216300003500228041000800263082000800271084001400279090001900293264004300312336002100355337003000376338002300406650001400429700004300443700004200486850001000528008004100538020001800579500003100597504002700628990002100655990002100676990002100697INLIS00000000000833820260520024732 a0010-0922000827ta aSBPUPADbind0 aParjimoePengarang1 aBudi Daya Jamur :bJamur Kuping, Jamur Tiram, & Jamur Merang /cParjimo, Agus Andoko; Penyunting, Agung Sugiarto a.-Cet.1 avi,74 hlm. :billus. ;c24 cm aind a636 a636 PAR b a910 MUH p 25-3 a.--Jakarta :bAgroMedia Pustaka,c2007 2rdacontentateks 2rdamediaatanpa perantara 2rdacarrieravolume 4aBudi Daya0 aPengarang Ke-2, Agus AndokoePengarang0 aPenyunting, Agung SugiartoePengarang aPUPAD260520 0  a979-006-058-6 aTentang Penulis, hlm 73-74 aBibliografi, hlm 71-72 a9981/Br/KAPD-Pdg a9982/Br/KAPD-Pdg a9983/Br/KAPD-Pdg